[Event "Rondonia-ch"]
[Site "Porto Velho"]
[Date "2024.10.20"]
[Round "5"]
[White "Bandeira, Ricardo Cesar Dos S"]
[Black "Maciel Junior, Joao Edson Costa"]
[Result "1/2-1/2"]
[WhiteElo "1525"]
[BlackElo "1722"]
[PlyCount "87"]
[EventDate "2024.10.18"]
[EventType "swiss"]
[EventRounds "6"]
[EventCountry "BRA"]
[SourceTitle "CB44_2024"]
[Source "Chessbase"]
[SourceDate "2024.10.30"]
[SourceVersion "1"]
[SourceVersionDate "2024.10.30"]
[SourceQuality "1"]

1. c4 e5 2. Nc3 Nf6 3. g3 d5 4. cxd5 Nxd5 5. Bg2 Nb6 6. d3 Be7 7. Nf3 Nc6 8. 0-0 0-0 9. b3 f6 10. Bb2 Be6 11. Nd2 Qd7 12. Nc4 Nxc4 13. dxc4 Rad8 14. Qxd7 Rxd7 15. Rfd1 Rfd8 16. Rxd7 Rxd7 17. Rd1 Rxd1+ 18. Nxd1 Kf7 19. Nc3 a6 20. e3 Bd7 21. Be4 f5 22. Bb1 g6 23. e4 Nd4 24. exf5 gxf5 25. Nd5 Bd6 26. h4 Ke6 27. Ne3 Kf6 28. Kf1 c6 29. Nc2 Nxc2 30. Bxc2 Bc5 31. Ke2 Bd4 32. Bc1 e4 33. Be3 c5 34. Kd2 Be8 35. Bd1 b5 36. cxb5 Bxb5 37. Be2 Ke5 38. a4 Bxe3+ 39. fxe3 Bxe2 40. Kxe2 Kd5 41. Kd2 a5 42. Kc2 c4 43. Kc3 cxb3 44. Kxb3 1/2-1/2

[Event "Rondonia-ch"]
[Site "Porto Velho"]
[Date "2024.10.20"]
[Round "6"]
[White "Maciel Junior, Joao Edson Costa"]
[Black "Barbosa, Thiago Rodrigo"]
[Result "0-1"]
[WhiteElo "1722"]
[BlackElo "1653"]
[PlyCount "52"]
[EventDate "2024.10.18"]
[EventType "swiss"]
[EventRounds "6"]
[EventCountry "BRA"]
[SourceTitle "CB44_2024"]
[Source "Chessbase"]
[SourceDate "2024.10.30"]
[SourceVersion "1"]
[SourceVersionDate "2024.10.30"]
[SourceQuality "1"]

1. e4 c6 2. d4 d5 3. Nd2 dxe4 4. Nxe4 Nf6 5. Bd3 Nbd7 6. Nf3 Nxe4 7. Bxe4 Nf6 8. Bd3 Bg4 9. c3 e6 10. h3 Bh5 11. g4 Bg6 12. Bxg6 hxg6 13. Bf4 Nxg4 14. Qb3 b6 15. 0-0-0 Nxf2 16. Ne5 Nxh1 17. Nxg6 Rxh3 18. Re1 Qd5 19. Qc2 fxg6 20. Qxg6+ Kd7 21. Re5 Qxa2 22. Qf7+ Be7 23. Bg5 Qa1+ 24. Kc2 Rh2+ 25. Kd3 Qd1+ 26. Ke4 Qe2+ 0-1

[Event "Rondonia-ch"]
[Site "Porto Velho"]
[Date "2024.10.18"]
[Round "1"]
[White "Trombaco, Daniel Adami"]
[Black "Maciel Junior, Joao Edson Costa"]
[Result "0-1"]
[WhiteElo "1731"]
[BlackElo "1722"]
[PlyCount "89"]
[EventDate "2024.10.18"]
[EventType "swiss"]
[EventRounds "6"]
[EventCountry "BRA"]
[SourceTitle "CB44_2024"]
[Source "Chessbase"]
[SourceDate "2024.10.30"]
[SourceVersion "1"]
[SourceVersionDate "2024.10.30"]
[SourceQuality "1"]

1. e4 c5 2. Nf3 d6 3. d4 cxd4 4. Nxd4 Nf6 5. Nc3 a6 6. Qd3 e6 7. Be3 b5 8. f4 Qc7 9. 0-0-0 Bb7 10. Be2 b4 11. Nb1 Bxe4 12. Qd2 d5 13. b3 Bxg2 14. Bb5+ axb5 15. Qxg2 Rxa2 16. Nxb5 Qb7 17. Qe2 Ng4 18. Nd6+ Bxd6 19. Qxg4 f6 20. Qxe6+ Qe7 21. Qc8+ Kf7 22. Qxh8 Qxe3+ 23. Rd2 Qf3 24. Re1 Kg6 25. Qe8+ Kh6 26. Red1 Bxf4 27. Qe1 Bxd2+ 28. Qxd2+ g5 29. Qxb4 Qe4 30. Qd2 Nc6 31. Re1 Qf5 32. Re2 d4 33. h4 Rxc2+ 34. Qxc2 d3 35. hxg5+ Qxg5+ 36. Qd2 dxe2 37. Qxg5+ fxg5 38. Kd2 Nd4 39. Nc3 Nxb3+ 40. Kxe2 Kh5 41. Kf2 Kg4 42. Kg2 Nd4 43. Nd1 Kf5 44. Nf2 Kg6 45. Ne4 0-1